000 00715nam a2200193 a 4500
005 20140412111233.0
008 060117s19uu xx 00 eng d
020 _a0-394-88772-7
050 _aTR(PS E
_bOn1 1986
100 _aHindley, Judy
245 _aOnce there was a house and you can make it! /
_cJudy Hindley.
260 _aNew York :
_bRandom House,
_c1986.
300 _a32
440 _aA make and play pictureback
520 _aA small story of children playing imaginatively with cartons and other household materials used as houses, furniture, gas station, and tools is accompanied by the directions for making these things.
650 _aPlay-Fiction
650 _aHandicraft
999 _c102274
_d102274